Normal view MARC view
  • Castillo Romero, Blanca Islenia

Entry Nombre Personal

Number of records used in: 1

001 - NUMERO DE CONTROL

  • campo de control: 59692

003 - IDENTIFICADOR DE NUMERO DE CONTROL

  • campo de control: UPN

005 - FECHA Y HORA DE LA ÜLTIMA TRANSACCIÓN

  • campo de control: 20260525135536.0

008 - DATOS DE LONGITUD FIJA

  • campo de control de longitud fija: 260525|| acn||aabn | a|a d

024 7# - OTROS IDENTIFICADORES NORMALIZADOS

  • Fuente: orcid
  • Número normalizado o código: https://orcid.org/0000-0003-1344-5124

040 ## - FUENTE DE CATALOGACIÓN

  • Agencia original de catalogación: MX-MxUPN

100 1# - ENCABEZAMIENTO - NOMBRE PERSONAL

  • Nombre personal: Castillo Romero, Blanca Islenia

370 ## - LUGAR ASOCIADO

  • Associated country: Venezuela

371 ## - DIRECCIÓN

  • Electronic mail address: mscblancacastillo@gmail.com

372 ## - CAMPO DE ACTIVIDAD

  • Field of activity: Geografía e historia
  • Field of activity: Gerencia educacional

373 ## - GRUPO ASOCIADO

  • Associated group: Universidad Pedagógica Experimental Luis Beltrán Prieto Figueroa (UPEL). Venezuela

374 ## - OCUPACIÓN

  • Occupation: Docencia e investigación universitarias

670 ## - FUENTE EN LA QUE SE LOCALIZARON DATOS

  • Cita de la fuente: En recurso en línea: REDINE, Vol. 17, no. 2 (2025)
  • Información localizada: (Blanca Islenia Castillo Romero)
  • Uniform Resource Identifier: https://revistas.uclave.org/index.php/redine/article/view/5396/3671

902 ## - CATALOGADOR

  • Catalogador: Leonor Sotres/250526